Chargement en cours…

Lob Trees In The Wilderness : The Human and Natural History of the Boundary Waters

Along the Minnesota-Ontario border, in the days of voyageurs, tall trees were used as guideposts in the uncharted wilderness to help fur traders and explorers find their way through the maze of lakes and portages. Branches were cut, leaving the middle of the trees bare with branches above and below....

Description complète

Détails bibliographiques
Auteur principal: Ahlgren, C. E. (Clifford Elmer), 1922-
Autres auteurs: Ahlgren, Isabel
Format: Électronique eBook
Langue:Inglés
Publié: Minneapolis : University of Minnesota Press, 2001.
Collection:Book collections on Project MUSE.
Sujets:
Accès en ligne:Texto completo

MARC

LEADER 00000cam a22000004a 4500
001 musev2_27686
003 MdBmJHUP
005 20230905042932.0
006 m o d
007 cr||||||||nn|n
008 091207s2001 mnu o 00 0 eng d
020 |a 9780816692903 
020 |z 9780816638154 
020 |z 0816692904 
035 |a (OCoLC)122927523 
040 |a MdBmJHUP  |c MdBmJHUP 
100 1 |a Ahlgren, C. E.  |q (Clifford Elmer),  |d 1922- 
245 1 0 |a Lob Trees In The Wilderness :   |b The Human and Natural History of the Boundary Waters 
264 1 |a Minneapolis :  |b University of Minnesota Press,  |c 2001. 
264 3 |a Baltimore, Md. :  |b Project MUSE,   |c 2015 
264 4 |c ©2001. 
300 |a 1 online resource (232 pages). 
336 |a text  |b txt  |2 rdacontent 
337 |a computer  |b c  |2 rdamedia 
338 |a online resource  |b cr  |2 rdacarrier 
490 0 |a Fesler-Lampert Minnesota Heritage 
505 0 |a CONTENTS; PREFACE; ACKNOWLEDGMENTS; CHAPTER 1. Red Pine Lob Tree: Introduction; CHAPTER 2. Sacred Juniper Lob Tree: Flora; CHAPTER 3. Jack Pine Lob Tree: Forest Fire; CHAPTER 4. Big Cedar Lob Tree: Presettlement Forests; CHAPTER 5. Paper Birch Lob Tree: Early Inhabitants; CHAPTER 6. White Pine Lob Tree: Pine Logging; CHAPTER 7. White Spruce Lob Tree: Pulpwood Logging; CHAPTER 8. Balsam Fir Lob Tree: Recreation and Preservation; CHAPTER 9. Aspen Lob Tree: Conclusions; APPENDIX: Common and Scientific Names of Plants; NOTES; INDEX. 
520 |a Along the Minnesota-Ontario border, in the days of voyageurs, tall trees were used as guideposts in the uncharted wilderness to help fur traders and explorers find their way through the maze of lakes and portages. Branches were cut, leaving the middle of the trees bare with branches above and below. Clifford and Isabel Ahlgren use nine native trees to serve as lob trees for this book, an ecological history of human activity in the Quetico-Superior wilderness area. 
588 |a Description based on print version record. 
650 7 |a Nature  |x Effect of human beings on.  |2 fast  |0 (OCoLC)fst01034564 
650 7 |a Forests and forestry.  |2 fast  |0 (OCoLC)fst00932632 
650 7 |a Forest ecology.  |2 fast  |0 (OCoLC)fst00932104 
650 0 |a Nature  |x Effect of human beings on  |z Minnesota  |z Boundary Waters Canoe Area. 
650 0 |a Forests and forestry  |z Minnesota  |z Boundary Waters Canoe Area. 
650 0 |a Forest ecology  |z Minnesota  |z Boundary Waters Canoe Area. 
651 7 |a Minnesota  |z Boundary Waters Canoe Area.  |2 fast  |0 (OCoLC)fst01243233 
651 0 |a Boundary Waters Canoe Area (Minn.) 
655 7 |a Electronic books.   |2 local 
700 1 |a Ahlgren, Isabel. 
710 2 |a Project Muse.  |e distributor 
830 0 |a Book collections on Project MUSE. 
856 4 0 |z Texto completo  |u https://projectmuse.uam.elogim.com/book/27686/ 
945 |a Project MUSE - Custom Collection 
945 |a Project MUSE - Archive Complete Supplement III 
945 |a Project MUSE - Archive US Regional Studies, Midwest Supplement III